000 00481nam a2200157 a 4500
005 20140412111232.0
008 010522s19uu xx 00 eng d
020 _a0-14-054813-0
050 _aTR(PS E
_bTh34 1988
100 _aMayer, Mercer
245 _aThere's somethings in my attic /
_cwritten and illustrated by Mercer Mayer.
260 _aNew York :
_bDial Books for Young Readers,
_c1988.
300 _a1v. (unp.) ; ill.
650 _aChildren's stories
999 _c102220
_d102220